Corazonadas : El libro II de los chicos enamorados /
Guardado en:
| Autor Principal: | |
|---|---|
| Formato: | Libro |
| Publicado: |
Buenos Aires :
Alfaguara,
1999.
|
| Series: | Alfaguara Infantil. Naranja
|
| Materias: | |
| Etiquetas: |
Agregar Etiqueta
Sin Etiquetas, Sea el primero en etiquetar este registro!
|
| LEADER | 00693nam a22002295a 4500 | ||
|---|---|---|---|
| 001 | CEM.cems019646 | ||
| 008 | 221004s1999##################000#0#####d | ||
| 005 | 20221004083102.0 | ||
| 245 | 1 | 0 | |a Corazonadas : |b El libro II de los chicos enamorados / |c Elsa Bornemann. |
| 260 | |a Buenos Aires : |b Alfaguara, |c 1999. | ||
| 300 | |a 155 p. | ||
| 490 | 0 | |a Alfaguara Infantil. Naranja | |
| 020 | |a 9505112467 | ||
| 100 | 1 | |a Bornemann, Elsa Isabel | |
| 082 | 0 | 4 | |a A861.4 |
| 653 | |a Literatura | ||
| 653 | |a Literatura argentina | ||
| 653 | |a Poesía argentina | ||
| 653 | |a Poesías | ||
| 653 | |a Literatura juvenil | ||
| 653 | |a Cuentos | ||
| 859 | |a CEMS |b BIB. CEMS - Inicial y Primaria |h A861.4 |i B645 |k IP |p 2054 |t Ej.1 | ||
